000 00358nam a22001337a 4500
020 _a978-81-318-0376-9
082 _a657
_bWAS/F
100 _aS.A. SIDDIQUI, A.S.SIDDIQUI
245 _aCOMPREHENSIVE FINANCIAL ACCOUNTANCY
_bFOR CLASS XII
260 _aDELHI
_bLAXMI PUBLICATION
300 _a1129
650 _aPART A + PART B + PROJECT WORK
_zINDIA
942 _cBK
999 _c614
_d614